Comparison of Selected Legal Form of Business in Slovakia and in Selected EU Country

Guardado en:
Detalles Bibliográficos
Autor principal: Meheš, Marek
Formato: Capítulo de libro
Lenguaje:inglés
Materias:
Etiquetas: Agregar Etiqueta
Sin Etiquetas, Sea el primero en etiquetar este registro!

MARC

LEADER 00000nla a2200000 4500
001 0240623
005 20240502073920.6
041 0 |a eng 
044 |a SK 
245 1 0 |a Comparison of Selected Legal Form of Business in Slovakia and in Selected EU Country  |c Marek Meheš 
500 |a Abstrakt 
610 2 0 |a podnikanie 
610 2 0 |a porovnanie medzinárodné 
610 2 0 |a formy podnikov 
100 1 |a Meheš, Marek